000 00726nam a2200229Ia 4500
001 15633
003 GE_BSU
008 181216s||||||||xx |||||||||||||| ||und||
040 _cGE_BSU
080 _a821.353.1-1
100 _aწიკლაური, მამუკა
245 _aდიდი ფოთოლცვენა
245 _bლექსები
245 _cრედ. შ.მირხულავა. მხ. გ.წერეთელი
260 _aთბილისი
260 _bსაბჭ. საქართველო
260 _c1976
300 _a68გვ. ; 16სმ
653 _aდიდი ფოთოლცვენა
653 _aლექსები
942 _cBK
999 _c48733
_d48733